000 00598nam a2200229Ia 4500
003 OSt
005 20221007065317.0
006 a|||||r|||| 00| 0
007 ta
008 221006b |||||||| |||| 00| 0 eng d
024 _a21,914
037 _cTextual
040 _aFLL
_cFLL
_beng
041 _2eng
_aeng
082 _aV2:91qN7, L7
100 _aSundaram K.K. Au.
_9686836
245 0 _aManual of election law
260 _aDelhi
_bVikas Pub. India
_c1977
300 _a365p
_ccm.
942 _hV2:91qN7, L7
_cTEXL
_2CC
999 _c1136947
_d1136947